Music Quiz

Random Music or Lyrics Quiz

Hallelujah Covers Quiz Stats

 Plays Quiz Updated Jan 16, 2017

Challenge
Share
Tweet
Score 0/13 Timer 11:00
0 Plays Today
Lyrics Artist % Correct
Hallelujah, Hallelujah. Hallelujah, Hallelujah. Well, your faith was strong but you needed proof. You saw her bathing on the roof.k.d. lang
58%
I've heard there was a sacred chord, that David played and it pleased the lord.Rufus Wainwright
53.6%
And every breath we drew was Hallelujah. Hallelujah, Hallelujah, Hallelujah, Hallelujah. Maybe there is a god above, but all I've ever learned from love...Jeff Buckley
52.5%
...the minor fall and the major lift.The baffled king composing Hallelujah. Bob Dylan
49.9%
Hallelujah, Hallelujah. Hallelujah, Hallelujah.Leonard Cohen
48.8%
But you don't really care for music, do you? Well it goes like this: the fourth, the fifth...Bono
33.4%
I've seen your flag on the marble arch. But love is not some victory march. It's a cold and it's a broken Hallelujah. Hallelujah, Hallelujah.Imogen Heap
25.1%
Baby, I've been here before. I've seen this room and I've walked this floor. You know, I used to live alone before I knew you.Regina Spektor
14.2%
Her beauty and the moonlight overthrew you. She tied you to her kitchen chair, she broke your throne and she cut your hair.Damien Rice
11.9%
And from your lips she drew the Hallelujah. Hallelujah, Hallelujah. Hallelujah, Hallelujah.Allison Crowe
6.4%
But now you never show that to me, do you? But remember when I moved in you, and the holy dove was moving too?Brandi Carlile
6.1%
...was how to shoot somebody who outdrew you. And it's not a cry that you hear at night, it's not somebody who's seen the light. It's a cold and it's a broken Hallelujah.Beirut
4.8%
Hallelujah, Hallelujah. Well, there was a time when you let me know what's really going on below.The Dresden Dolls
3.7%

You're not logged in!

Compare scores with friends on all Sporcle quizzes.
Join for Free
OR
Log In

You Might Also Like...

Show Comments

Extras

Top Quizzes Today


Score Distribution

Your Account Isn't Verified!

In order to create a playlist on Sporcle, you need to verify the email address you used during registration. Go to your Sporcle Settings to finish the process.

Report this User

Report this user for behavior that violates our Community Guidelines.

Details: